Guidance on valuing new housing (Record no. 12460)

MARC details
000 -LEADER
fixed length control field 00659cab a2200181 4500
001 - CONTROL NUMBER
control field WB2901-78
008 - FIXED-LENGTH DATA ELEMENTS--GENERAL INFORMATION
fixed length control field 090401t1993 xxu||||| |||| 00| 0 eng d
035 ## - SYSTEM CONTROL NUMBER
System control number (Sirsi) u18723
041 ## - LANGUAGE CODE
Language code of text/sound track or separate title eng
245 ## - TITLE STATEMENT
Title Guidance on valuing new housing
260 ## - PUBLICATION, DISTRIBUTION, ETC.
Date of publication, distribution, etc. 1993
350 ## - PRICE (NR) (BK AM CF MU VM SE) [OBSOLETE]
Price 0
490 ## - SERIES STATEMENT
Series statement CS Monthly : General Practice
Volume/sequential designation 2(4) January 1993, 1(1)
520 ## - SUMMARY, ETC.
Summary, etc. A revision of paragraph 6.7 of the Background Notes to VGN2A has been agreed with the Council of Mortgage Lenders and will be published in the next update of the RICS "Manual of valuation guidance notes" (the White Book).
690 ## - LOCAL SUBJECT ADDED ENTRY--TOPICAL TERM (OCLC, RLIN)
Topical term or geographic name as entry element RATING AND VALUATION
942 ## - ADDED ENTRY ELEMENTS (KOHA)
Suppress in OPAC 0
948 ## - LOCAL PROCESSING INFORMATION (OCLC); SERIES PART DESIGNATOR (RLIN)
c (OCLC) 04/03/1997
Holdings
Withdrawn status Lost status Source of classification or shelving scheme Damaged status Not for loan Home library Current library Shelving location Date acquired Total Checkouts Full call number Barcode Date last seen Copy number Price effective from Koha item type
    Dewey Decimal Classification     London London News article 14/09/1999   WB2901-78 18723-1001 06/08/2019 1 06/08/2019 News article